| 000 | 00748nam a22002417a 4500 | ||
|---|---|---|---|
| 001 | 00028767 | ||
| 005 | 20260414142440.0 | ||
| 008 | 260414b ag ||||| |||| 00| 0 spa d | ||
| 020 | _a9789870709404 | ||
| 040 |
_aAR-CcCEOS _bspa _cAR-CcCEOS |
||
| 041 | _aspa | ||
| 080 | _a950 | ||
| 090 | _bCOL t.12 | ||
| 100 |
_aPABLO COLAZO _91038 |
||
| 245 |
_aHistoria Ilustrada para los chicos de hoy : _bTomo 12 : Imperios de África y Asia / _cPablo Colazo |
||
| 250 | _a1ª ed. | ||
| 264 |
_aBuenos Aires : _bAguilar, _c2011. |
||
| 300 |
_av. 12, 48 p. ; _c27x23 cm. |
||
| 490 | _vHistoria Ilustrada para los chicos de hoy - Genios ; tomo 12 | ||
| 650 | 0 |
_ahistoria _990 |
|
| 655 | 0 |
_aliteratura infantil y juvenil _978 |
|
| 942 |
_2udc _cBK _n0 |
||
| 999 |
_c28802 _d28802 |
||